Dialóg hluchých s nemými?

Rozporné prístupy ekonómov k ochrane životného prostredia. Úloha štátu v systematickej starostlivosti o životné prostredie.

Enregistré dans:
Détails bibliographiques
Auteur principal: Polakovič, Ivan
Format: Chapitre de livre
Langue:slovaque
Sujets:
Tags: Ajouter un tag
Pas de tags, Soyez le premier à ajouter un tag!

MARC

LEADER 00000naa a2200000 4500
001 r044697
005 20230920074003.6
041 0 |a slo 
044 |a SK 
245 1 0 |a Dialóg hluchých s nemými?  |c Ivan Polakovič 
520 |a Rozporné prístupy ekonómov k ochrane životného prostredia. Úloha štátu v systematickej starostlivosti o životné prostredie. 
610 2 0 |a ochrana prostredia životného 
610 2 0 |a ekológia 
610 2 0 |a environmentalistika 
610 2 0 |a štát 
610 2 0 |a Slovensko 
100 1 |a Polakovič, Ivan